[Event "Dresden ZMD op"]
[Site "Dresden"]
[Date "2008.07.22"]
[Round "4"]
[White "Voigt, Roland"]
[Black "Moeller, Hendrik"]
[Result "1-0"]
[WhiteElo "2381"]
[BlackElo "2164"]
[PlyCount "51"]
[EventDate "2008.07.19"]
[EventType "swiss"]
[EventRounds "9"]
[EventCountry "GER"]
[SourceTitle "CBM 125 Extra"]
[Source "ChessBase"]
[SourceDate "2008.09.01"]
[SourceVersion "1"]
[SourceVersionDate "2008.09.01"]
[SourceQuality "1"]

1. d4 Nf6 2. Nf3 e6 3. g3 b6 4. Bg2 Bb7 5. 0-0 c5 6. c4 cxd4 7. Nxd4 Bxg2 8. Kxg2 Qc7 9. b3 a6 10. Kg1 Be7 11. Bb2 d6 12. Nc3 Nbd7 13. e4 Qb7 14. Qe2 g5 15. Rfe1 g4 16. Nd5 Ne5 17. Nxe7 Qxe7 18. f4 gxf3 19. Nxf3 Nfd7 20. Nxe5 dxe5 21. Red1 0-0 22. Rd3 Qc5+ 23. Kg2 Nf6 24. Rf1 Kg7 25. Qf3 Ng8 26. Rd7 1-0

[Event "Dresden ZMD op"]
[Site "Dresden"]
[Date "2008.07.20"]
[Round "2"]
[White "Voigt, Roland"]
[Black "Nosek, Reinhard"]
[Result "1-0"]
[WhiteElo "2381"]
[BlackElo "1926"]
[PlyCount "102"]
[EventDate "2008.07.19"]
[EventType "swiss"]
[EventRounds "9"]
[EventCountry "GER"]
[SourceTitle "CBM 125 Extra"]
[Source "ChessBase"]
[SourceDate "2008.09.01"]
[SourceVersion "1"]
[SourceVersionDate "2008.09.01"]
[SourceQuality "1"]

1. d4 Nf6 2. Nf3 e6 3. g3 c5 4. Bg2 Nc6 5. 0-0 b6 6. c4 cxd4 7. Nxd4 Bb7 8. Nc3 Be7 9. b3 0-0 10. Bb2 Qb8 11. e4 Bc5 12. Nc2 Rd8 13. Qd2 Nb4 14. Rad1 d5 15. exd5 exd5 16. Nxb4 Bxb4 17. a3 d4 18. axb4 Bxg2 19. Kxg2 dxc3 20. Qxc3 Qb7+ 21. Qf3 Qxf3+ 22. Kxf3 Ne8 23. Rxd8 Rxd8 24. Ke2 f6 25. Rd1 Rxd1 26. Kxd1 Kf7 27. b5 Nc7 28. Bd4 Ke6 29. Ke2 Kf5 30. f3 Ne6 31. Be3 g5 32. g4+ Ke5 33. Kd3 h6 34. b4 Nc7 35. Bf2 f5 36. Bg3+ f4 37. Be1 Ne6 38. Bc3+ Kd6 39. Ke4 Ke7 40. Be5 Kd7 41. Kf5 Ke7 42. Bb8 Nd4+ 43. Ke4 Nb3 44. Kd3 Nc1+ 45. Kd2 Nb3+ 46. Kc3 Nc1 47. Bxa7 Ne2+ 48. Kd3 Ng1 49. Ke4 h5 50. gxh5 g4 51. fxg4 f3 1-0